Richmond upon Thames LBC v R. (on the application of Ariyo) (Record no. 121982)

MARC details
000 -LEADER
fixed length control field 01819naa a22001697a 4500
008 - FIXED-LENGTH DATA ELEMENTS--GENERAL INFORMATION
fixed length control field 240813e20240809xxk||||os||||o00| 0 eng d
041 ## - LANGUAGE CODE
Language code of text/sound track or separate title eng
245 ## - TITLE STATEMENT
Title Richmond upon Thames LBC v R. (on the application of Ariyo)
260 ## - PUBLICATION INFORMATION
Place of publication [2024] EWCA Civ 960
Publisher Court of Appeal
Date 9 August 2024
520 ## - ABSTRACT
Abstract Judges: Lewison LJ; Moylan LJ; Males LJ. <br/><br/>The property in question is part of a parade of shops with residential accommodation above. In this case where the judge decided that a local authority had unlawfully granted planning permission for a pergola at the rear of a restaurant, where permission had previously been granted for a change of use from a shop to a restaurant, the judge had erred in holding that the change of use had only covered the ground floor of the building and not the garden to the rear. The concept of an ancillary use is also a well-established part of planning law; and where a change of use is permitted it will generally extend to land used as ancillary to the changed use, if part of the same planning unit. Here it is clear that the inspector regarded the rear area (used for growing plants for sale in the shop) and the garage at the rear of the site as part of the same planning unit as the shop itself and as ancillary to that use. The interpretation of ‘ground floor’ as given in the original permission was discussed as to whether that included the garden. The Council failed properly to consider the issue of noise and that, for that reason, the grant of planning permission must be quashed. The judge's decision was upheld. Appeal dismissed<br/>
650 ## - KEYWORDS
Keywords PLANNING
650 ## - KEYWORDS
Keywords PLANNING PERMISSION
650 ## - KEYWORDS
Keywords NOISE NUISANCE
650 ## - KEYWORDS
Keywords JUDGMENT
651 ## - SUBJECT ADDED ENTRY--GEOGRAPHIC NAME
Geographic name United Kingdom
856 ## - ONLINE RESOURCE
Uniform Resource Identifier https://www.bailii.org/ew/cases/EWCA/Civ/2024/960.html
Public note Available from BAILII
Holdings
Withdrawn status Lost status Damaged status Koha normalized classification for sorting Not for loan Home library Current library Shelving location Date acquired Total Checkouts Full call number Date last seen Price effective from Koha item type
      ONLINE_JUDGMENT   Virtual Virtual Online 13/08/2024   ONLINE JUDGMENT 13/08/2024 13/08/2024 Law report